Practical course in English pronunciation with two audio cassettes (Record no. 775)

MARC details
000 -LEADER
fixed length control field 00482nam a2200169Ia 4500
008 - FIXED-LENGTH DATA ELEMENTS--GENERAL INFORMATION
fixed length control field 130318s9999 xx 000 0 und d
020 ## - INTERNATIONAL STANDARD BOOK NUMBER
International Standard Book Number 812032594x
082 ## - DEWEY DECIMAL CLASSIFICATION NUMBER
Classification number 658.453 SET/P
100 ## - MAIN ENTRY--PERSONAL NAME
Personal name Sethi, J
245 ## - TITLE STATEMENT
Title Practical course in English pronunciation with two audio cassettes
260 ## - PUBLICATION, DISTRIBUTION, ETC.
Name of publisher, distributor, etc. PHI Learning
Place of publication, distribution, etc. New Delhi
Date of publication, distribution, etc. 2004
300 ## - PHYSICAL DESCRIPTION
Extent 222
Accompanying material 2 Cassettes
650 ## - SUBJECT ADDED ENTRY--TOPICAL TERM
Topical term or geographic name entry element ENGLISH LANGUAGE
650 ## - SUBJECT ADDED ENTRY--TOPICAL TERM
Topical term or geographic name entry element ENGLISH PRONUNCIATION
700 ## - ADDED ENTRY--PERSONAL NAME
Personal name Jindal, D.V
700 ## - ADDED ENTRY--PERSONAL NAME
Personal name Sadanand, Kamalesh
Holdings
Withdrawn status Lost status Damaged status Not for loan Collection code Home library Current library Shelving location Date acquired Cost, normal purchase price Total Checkouts Full call number Barcode Date last seen Price effective from Koha item type
        Business Communications Kerala University of Digital Sciences, Innovation and Technology Knowledge Centre Kerala University of Digital Sciences, Innovation and Technology Knowledge Centre Management 18/03/2013 336.00   658.453 SET/P 782 18/03/2013 18/03/2013 Books